Orte und Personen im Titel von Asterix und Obelix - Statistiken

Allgemein
  • Dieses Quiz wurde 391 mal gespielt
  • Das Durchschnittsergebnis liegt bei 10 aus 23
Antwortstatistiken
Band Regionen/ Personen/ Bevölkerungsgruppen % Korrekt
18 Cäsar / Rom
90%
1 Gallien / Gallier
84%
8 Briten / Britannien / Großbritannien
78%
2 Kleopatra
71%
16 Schweizer / Schweiz
63%
14 Spanien
61%
24 Belgien
51%
6 Frankreich/ Tour de France
50%
7 Goten
49%
9 Normannen
46%
33 Gallien
43%
21 Cäsar
42%
36 Cäsar
42%
20 Korsika
42%
35 Schottland / Pikten
42%
37 Italien
41%
12 Olympia / Olympische Spiele
37%
28 Morgenland
28%
19 Seher / Der Seher
25%
11 Averner / Auvergne
21%
31 Latraviata
16%
38 Vercingetorix
14%
29 Maestra
4%
Keine übereinstimmenden Quizze gefunden
Verteilung der Resultate
Anzahl Personen mit jedem Resultat
Perzentil nach korrekt beantworteten Fragen
Ihre Resultats-Entwicklung
Sie haben dieses Quiz noch nicht gespielt